LEADER 01434nam a2200313 4500 001 000000344144 003 CaOOAMICUS 005 20210215164305.0 008 210203s1985 fr a 000 u fre r 020 $a2-9500601-0-2 040 $aSeMil$bita 100 1 $aElisabeth : de la Trinité,$c.$0(OLS)http://semarc/name/15283 245 10$aJe te cherche dès l'aurore :$bévocation d'un visage et d'un coeur /$cElisabeth de la Trinité ; réalisation Conrad De Meester et le Carmel de Dijon. 250 $a2. ed 264 1$aFlavignerot :$bCarmel de Dijon,$c1985. 300 $a143 p. :$bill. ;$c22x23 cm 541 0 $aFondo mons. Pasquale Macchi (3H II 557) 650 4$aCarmelitani Scalzi.$0(OLS)http://semarc/subject/16399 650 4$aVita spirituale.$0(OLS)http://semarc/subject/381 700 1 $aDe Meester, Conrad.$0(OLS)http://semarc/name/70258 710 2 $aCarmelitani Scalzi$d<1562>.$0(OLS)http://semarc/name/2048 850 $aSeMil 852 $aSeMil$W1$xVenegono$y1$m3H II 557$j224073$B235176$CSeMilBibl$Z2$F235176 $81 941 1 $a8 961 $aFondo mons. Pasquale Macchi 996 $6020$a2-9500601-0-2$9(OLS)http://semarc/number/292285 996 $6245$aJe te cherche dès l'aurore :$bévocation d'un visage et d'un coeur$9(OLS)http://semarc/title/433222 996 $6264$aFlavignerot :$bCarmel de Dijon$9(OLS)http://semarc/publisher/59525 LEADER 01301nam a2200253 i 4500 001 000000119112 003 CaOOAMICUS 005 20031017000000.0 008 031017s1999 it u000 u mul u 013 $a91805 020 $a88-18-22040-3 040 $aSeMil$bita 100 1 $aWolff, Christian,$d<1679-1754>.$0(OLS)http://semarc/name/6218 245 10$aMetafisica tedesca :$bpensieri razionali intorno a Dio, al mondo, all'anima dell'uomo e anche a tutti gli enti in generale. Testo tedesco a fronte /$cChristian Wolff ; introduzione, traduzione, note e apparati a cura di Raffaele Ciafardone. 260 $aMilano :$bRusconi,$c1999. 300 $aXLIV, 913 p. ;$c22 cm. 650 4$aMetafisica.$0(OLS)http://semarc/subject/188 700 1 $aCiafardone, Raffaele,$d<1940- >.$0(OLS)http://semarc/name/49686 850 $aSeMil 852 $aSeMil$W1$xVenegono$y1$m72 37 1 *$j74356$B74356$CSeMilBibl$Z2$F76660 $81 961 $aOmaggio: Conti don Ermenegildo 996 $6020$a88-18-22040-3$9(OLS)http://semarc/number/103899 996 $6245$aMetafisica tedesca :$bpensieri razionali intorno a Dio, al mondo, all'anima dell'uomo e anche a tutti gli enti in generale. Testo tedesco a fronte$9(OLS)http://semarc/title/407736 996 $6260$aMilano :$bRusconi$9(OLS)http://semarc/publisher/30258